[Event "RUS-chT2"]
[Site "Sochi"]
[Date "2021.05.01"]
[Round "1.2"]
[White "Pingin, Artem"]
[Black "Veselov, Yaroslav"]
[Result "1-0"]
[WhiteElo "2334"]
[BlackElo "1862"]
[PlyCount "65"]
[EventDate "2021.05.01"]
[EventType "team-swiss"]
[EventRounds "9"]
[EventCountry "RUS"]
[SourceTitle "CBM 202 Extra"]
[Source "ChessBase"]
[SourceDate "2021.07.31"]
[SourceVersion "1"]
[SourceVersionDate "2021.07.31"]
[SourceQuality "1"]
[WhiteTeam "Sverdlovsk Region Malakhit"]
[BlackTeam "ANOO Primak Gymnasium"]
[WhiteTeamCountry "RUS"]
[BlackTeamCountry "RUS"]

1. e4 c5 2. Nf3 e6 3. d4 cxd4 4. Nxd4 Nc6 5. Nc3 Qc7 6. Be3 a6 7. Qd2 Nf6 8. a3 b5 9. Nxc6 dxc6 10. f3 Be7 11. Qf2 e5 12. g4 Be6 13. h4 0-0 14. Bh3 a5 15. Ne2 c5 16. Ng3 Rfc8 17. g5 Ne8 18. Nf5 Nd6 19. h5 Bxf5 20. exf5 f6 21. h6 fxg5 22. f6 gxf6 23. 0-0-0 Rd8 24. Be6+ Kh8 25. Qe2 Rab8 26. Bxg5 Nc4 27. Bh4 e4 28. Qxe4 Qe5 29. Bxc4 Qxe4 30. fxe4 bxc4 31. e5 Rf8 32. Rd7 Rbe8 33. Rg1 1-0